00510nam a2200181Ia 4500003000400000005001700004008004100021020001800062040000700080041000800087082002200095100001700117245010300134260004000237300001600277365001300293650002200306OSt20230616153443.0210423s2012 xx 000 0 und d a81-239-1272-2 cAL aeng a547.28 223bSIDP aSIDDARAMAIAH aPracticals in Polymer Science: synthesis and qualitative & quantitative analysis of macromolecules aNew DelhibC B S Publicationsc2012 axii,281bPB b310cINR aOrganic Chemistry